000 00833nam0a22002651 4500
001 rc\2998333
005 20250806200554.0
035 _a(NLR Aleph) 007141905
090 _a70050
_c70050
100 _a20110919d1941 u y0rusy50 ca
101 0 _arus
102 _aRU
105 _aa z |||||
200 1 _aСказки
_fГ. Кунгуров
_gРис. Н. Шабалина
210 _aИркутск
_cИркут. обл. изд-во
_d1941
215 _a61, [3] с.
_cил.
_d17 см
700 1 _aКунгуров
_bГ.Ф.
_f1903-
_gГавриил Филиппович
702 1 _aШабалин
_bН.
_4440
801 0 _aRU
_bNLR
_gpsbo
801 1 _aRU
_bELAR
_2rusmarc
852 _aNLR
_bЛ
_j20 Г-2/59
942 _cBOOK
945 _aРоссийская национальная библиотека
980 _aNB
980 _aBV